Tool Songs Using Any Word - Statistics

General Stats
  • This quiz has been taken 98 times
  • The average score is 45 of 76
Answer Stats
Answer % Correct
Hooker with a Penis
97%
The Grudge
96%
The Pot
96%
Right in Two
93%
The Gaping Lotus Experience
93%
The Patient
93%
Wings for Marie (Part 1)
92%
Forty Six & 2
90%
10,000 Days (Wings Part 2)
89%
Opiate2
89%
H.
88%
Litanie Contre La Peur
88%
Lateralus
86%
Part of Me
85%
Part of Me
85%
Fear Inoculum
84%
Opiate
84%
Message to Harry Manback II
82%
Ticks & Leeches
82%
Undertow
82%
Ænima
81%
Cold and Ugly
77%
Message to Harry Manback
73%
Sober
73%
Parabol
68%
Parabola
68%
Schism
68%
Pneuma
67%
Stinkfist
67%
Vicarious
66%
63%
Prison Sex
63%
Jambi
60%
No Quarter
60%
Faaip de Oiad
59%
Invincible
59%
Die Eier Von Satan
58%
7empest
56%
Chocolate Chip Trip
55%
Third Eye
53%
Third Eye
53%
Eulogy
52%
You Lied
51%
Pushit
49%
Pushit
49%
Jerk-Off
48%
Maynard's Dick
48%
Reflection
48%
Rosetta Stoned
48%
Hush
45%
Eon Blue Apocalypse
44%
Jimmy
44%
Sweat
44%
Descending
42%
Swamp Song
42%
Triad
42%
Disposition
41%
(-) Ions
41%
Lost Keys (Blame Hofmann)
41%
Culling Voices
40%
Intermission
40%
Flood
38%
Mantra
38%
Crawl Away
37%
Disgustipated
37%
Intolerance
37%
Viginti Tres
36%
Lipan Conjuring
34%
Mockingbeat
34%
Useful Idiot
34%
Bottom
32%
Intension
32%
Cesaro Summability
30%
Legion Inoculant
29%
Merkaba
25%
L.A.M.C
23%
No matching quizzes found
Score Distribution
Percent of People with Each Score
Percentile by Number Answered
Your Score History
You have not taken this quiz